| 000 | 00356nam a22001217a 4500 | ||
|---|---|---|---|
| 082 |
_a347.95491 _bFAR |
||
| 100 | _aFarooq Usman | ||
| 245 |
_aThe Code of civil procedure,1908 _b(Text, Commentary & Case-Law)/ _cUsman Farooq |
||
| 260 |
_aLahore, _bLords Law Book House. _c2024 |
||
| 300 |
_a1272,p; _c25,cm. |
||
| 650 |
_aLaw _935302 |
||
| 942 |
_2ddc _cBK |
||
| 999 |
_c613043 _d613043 |
||